<?xml version="1.0" encoding="UTF-8"?>
<record
    xmlns:xsi="http://www.w3.org/2001/XMLSchema-instance"
    xsi:schemaLocation="http://www.loc.gov/MARC21/slim http://www.loc.gov/standards/marcxml/schema/MARC21slim.xsd"
    xmlns="http://www.loc.gov/MARC21/slim">

  <leader>01368nam a2200265Ia 4500</leader>
  <controlfield tag="001">16224</controlfield>
  <controlfield tag="003">GE_BSU</controlfield>
  <controlfield tag="008">181216s||||||||xx |||||||||||||| ||und||</controlfield>
  <datafield tag="020" ind1=" " ind2=" ">
    <subfield code="a">978-9941-13-197-4</subfield>
  </datafield>
  <datafield tag="040" ind1=" " ind2=" ">
    <subfield code="c">GE_BSU</subfield>
  </datafield>
  <datafield tag="080" ind1=" " ind2=" ">
    <subfield code="a">338.22</subfield>
  </datafield>
  <datafield tag="100" ind1=" " ind2=" ">
    <subfield code="a">&#x10EF;&#x10DD;&#x10D6;&#x10D4;&#x10E4; &#x10F0;&#x10D0;&#x10E1;&#x10D8;&#x10D3;&#x10D8;, &#x10D0;&#x10DA;&#x10D4;&#x10E5;&#x10E1;&#x10D8;&#x10E1;-&#x10E1;&#x10E2;&#x10D4;&#x10E4;&#x10D0;&#x10DC;&#x10DD;&#x10E1; &#x10D9;&#x10DD;&#x10DB;&#x10E1;&#x10D4;&#x10DA;&#x10D8;&#x10E1;&#x10D8;, &#x10E0;&#x10D4;&#x10D5;&#x10D0;&#x10D6; &#x10D2;&#x10D5;&#x10D4;&#x10DA;&#x10D4;&#x10E1;&#x10D8;&#x10D0;&#x10DC;&#x10D8;,&#x10D4;&#x10DA;&#x10D2;&#x10E3;&#x10EF;&#x10D0; &#x10DB;&#x10D4;&#x10E5;&#x10D5;&#x10D0;&#x10D1;&#x10D8;&#x10E8;&#x10D5;&#x10D8;&#x10DA;&#x10D8;,&#x10D2;&#x10D0;&#x10D2;&#x10DC;&#x10D8;&#x10EB;&#x10D4; &#x10D8;&#x10DC;&#x10D4;&#x10D6;&#x10D0;,&#x10DA;&#x10D4;&#x10D9;&#x10D5;&#x10D4;&#x10D8;&#x10E8;&#x10D5;&#x10D8;&#x10DA;&#x10D8; &#x10D4;&#x10D9;&#x10D0;,&#x10DC;&#x10D0;&#x10EA;&#x10D5;&#x10D0;&#x10DA;&#x10D0;&#x10EB;&#x10D4; &#x10DB;&#x10D0;&#x10E0;&#x10D8;&#x10DC;&#x10D0;</subfield>
  </datafield>
  <datafield tag="245" ind1=" " ind2=" ">
    <subfield code="a">&#x10DB;&#x10D4;&#x10EC;&#x10D0;&#x10E0;&#x10DB;&#x10D4;&#x10DD;&#x10D1;&#x10D8;&#x10E1; &#x10D7;&#x10D4;&#x10DD;&#x10E0;&#x10D8;&#x10E3;&#x10DA;&#x10D8; &#x10E1;&#x10D0;&#x10E4;&#x10E3;&#x10EB;&#x10D5;&#x10DA;&#x10D4;&#x10D1;&#x10D8;.  &#x10DC;&#x10D0;&#x10EC;.3= Fundamentals of entrepreneurship</subfield>
  </datafield>
  <datafield tag="245" ind1=" " ind2=" ">
    <subfield code="b">&#x10D3;&#x10D0;&#x10DB;&#x10EE;&#x10DB;. &#x10E1;&#x10D0;&#x10EE;&#x10D4;&#x10DA;&#x10DB;&#x10EB;&#x10E6;&#x10D5;. &#x10DC;&#x10D0;&#x10EC;.3</subfield>
  </datafield>
  <datafield tag="245" ind1=" " ind2=" ">
    <subfield code="c">&#x10E0;&#x10D4;&#x10D3;. &#x10E0;&#x10D4;&#x10D5;&#x10D0;&#x10D6; &#x10D2;&#x10D5;&#x10D4;&#x10DA;&#x10D4;&#x10E1;&#x10D8;&#x10D0;&#x10DC;&#x10D8;, &#x10EF;&#x10D0;&#x10DB;&#x10DA;&#x10D4;&#x10E2; &#x10EF;&#x10D0;&#x10DC;&#x10EF;&#x10E6;&#x10D0;&#x10D5;&#x10D0;</subfield>
  </datafield>
  <datafield tag="260" ind1=" " ind2=" ">
    <subfield code="a">&#x10D7;&#x10D1;&#x10D8;&#x10DA;&#x10D8;&#x10E1;&#x10D8;</subfield>
  </datafield>
  <datafield tag="260" ind1=" " ind2=" ">
    <subfield code="b">&#x10D7;&#x10E1;&#x10E3;-&#x10DE;&#x10D8;&#x10E0;&#x10D4;&#x10E1;&#x10E3;&#x10E1;&#x10D8;&#x10E1; &#x10E3;&#x10DC;&#x10D8;&#x10D5;&#x10D4;&#x10E0;&#x10E1;&#x10D8;&#x10E2;&#x10D4;&#x10E2;&#x10D8; &#x10E1;&#x10D0;&#x10D1;&#x10D4;&#x10E0;&#x10EB;&#x10DC;&#x10D4;&#x10D7;&#x10D8;</subfield>
  </datafield>
  <datafield tag="260" ind1=" " ind2=" ">
    <subfield code="c">2011</subfield>
  </datafield>
  <datafield tag="300" ind1=" " ind2=" ">
    <subfield code="a">148&#x10D2;&#x10D5;;26&#x10E1;&#x10DB;.</subfield>
  </datafield>
  <datafield tag="300" ind1=" " ind2=" ">
    <subfield code="e">&#x10D1;&#x10D8;&#x10D1;&#x10DA;&#x10D8;&#x10DD;&#x10D2;&#x10E0;.&#x10D2;&#x10D5;:145-147</subfield>
  </datafield>
  <datafield tag="541" ind1=" " ind2=" ">
    <subfield code="h">25&#x10DA;.40&#x10D7;.</subfield>
  </datafield>
  <datafield tag="653" ind1=" " ind2=" ">
    <subfield code="a">&#x10D4;&#x10D9;&#x10DD;&#x10DC;&#x10DD;&#x10DB;&#x10D8;&#x10D9;&#x10D0;</subfield>
  </datafield>
  <datafield tag="653" ind1=" " ind2=" ">
    <subfield code="a">&#x10DB;&#x10D4;&#x10EC;&#x10D0;&#x10E0;&#x10DB;&#x10D4;&#x10DD;&#x10D1;&#x10D0;; &#x10D1;&#x10D8;&#x10D6;&#x10DC;&#x10D4;&#x10E1;&#x10D8;;</subfield>
  </datafield>
  <datafield tag="942" ind1=" " ind2=" ">
    <subfield code="c">BK</subfield>
  </datafield>
  <datafield tag="999" ind1=" " ind2=" ">
    <subfield code="c">49308</subfield>
    <subfield code="d">49308</subfield>
  </datafield>
  <datafield tag="952" ind1=" " ind2=" ">
    <subfield code="0">0</subfield>
    <subfield code="1">0</subfield>
    <subfield code="4">0</subfield>
    <subfield code="7">0</subfield>
    <subfield code="9">65900</subfield>
    <subfield code="d">2018-12-17</subfield>
    <subfield code="p">40163</subfield>
    <subfield code="r">2018-12-17</subfield>
    <subfield code="w">2018-12-17</subfield>
    <subfield code="y">BK</subfield>
  </datafield>
  <datafield tag="952" ind1=" " ind2=" ">
    <subfield code="0">0</subfield>
    <subfield code="1">0</subfield>
    <subfield code="4">0</subfield>
    <subfield code="7">0</subfield>
    <subfield code="9">65901</subfield>
    <subfield code="d">2018-12-17</subfield>
    <subfield code="p">40164</subfield>
    <subfield code="r">2018-12-17</subfield>
    <subfield code="w">2018-12-17</subfield>
    <subfield code="y">BK</subfield>
  </datafield>
  <datafield tag="952" ind1=" " ind2=" ">
    <subfield code="0">0</subfield>
    <subfield code="1">0</subfield>
    <subfield code="4">0</subfield>
    <subfield code="7">0</subfield>
    <subfield code="9">65902</subfield>
    <subfield code="d">2018-12-17</subfield>
    <subfield code="p">40165</subfield>
    <subfield code="r">2018-12-17</subfield>
    <subfield code="w">2018-12-17</subfield>
    <subfield code="y">BK</subfield>
  </datafield>
  <datafield tag="952" ind1=" " ind2=" ">
    <subfield code="0">0</subfield>
    <subfield code="1">0</subfield>
    <subfield code="4">0</subfield>
    <subfield code="7">0</subfield>
    <subfield code="9">65903</subfield>
    <subfield code="d">2018-12-17</subfield>
    <subfield code="p">40166</subfield>
    <subfield code="r">2018-12-17</subfield>
    <subfield code="w">2018-12-17</subfield>
    <subfield code="y">BK</subfield>
  </datafield>
  <datafield tag="952" ind1=" " ind2=" ">
    <subfield code="0">0</subfield>
    <subfield code="1">0</subfield>
    <subfield code="4">0</subfield>
    <subfield code="7">0</subfield>
    <subfield code="9">65904</subfield>
    <subfield code="d">2018-12-17</subfield>
    <subfield code="p">40167</subfield>
    <subfield code="r">2018-12-17</subfield>
    <subfield code="w">2018-12-17</subfield>
    <subfield code="y">BK</subfield>
  </datafield>
  <datafield tag="952" ind1=" " ind2=" ">
    <subfield code="0">0</subfield>
    <subfield code="1">0</subfield>
    <subfield code="4">0</subfield>
    <subfield code="7">0</subfield>
    <subfield code="9">65905</subfield>
    <subfield code="d">2018-12-17</subfield>
    <subfield code="p">47818 (28&#x10DA;.40&#x10D7;.)</subfield>
    <subfield code="r">2018-12-17</subfield>
    <subfield code="w">2018-12-17</subfield>
    <subfield code="y">BK</subfield>
    <subfield code="z">28&#x10DA;.40&#x10D7;.</subfield>
  </datafield>
  <datafield tag="952" ind1=" " ind2=" ">
    <subfield code="0">0</subfield>
    <subfield code="1">0</subfield>
    <subfield code="4">0</subfield>
    <subfield code="7">0</subfield>
    <subfield code="9">65906</subfield>
    <subfield code="d">2018-12-17</subfield>
    <subfield code="p">47819 (28&#x10DA;.40&#x10D7;.)</subfield>
    <subfield code="r">2018-12-17</subfield>
    <subfield code="w">2018-12-17</subfield>
    <subfield code="y">BK</subfield>
    <subfield code="z">28&#x10DA;.40&#x10D7;.</subfield>
  </datafield>
  <datafield tag="952" ind1=" " ind2=" ">
    <subfield code="0">0</subfield>
    <subfield code="1">0</subfield>
    <subfield code="4">0</subfield>
    <subfield code="7">0</subfield>
    <subfield code="9">65907</subfield>
    <subfield code="d">2018-12-17</subfield>
    <subfield code="p">47820 (28&#x10DA;.40&#x10D7;.)</subfield>
    <subfield code="r">2018-12-17</subfield>
    <subfield code="w">2018-12-17</subfield>
    <subfield code="y">BK</subfield>
    <subfield code="z">28&#x10DA;.40&#x10D7;.</subfield>
  </datafield>
  <datafield tag="952" ind1=" " ind2=" ">
    <subfield code="0">0</subfield>
    <subfield code="1">0</subfield>
    <subfield code="4">0</subfield>
    <subfield code="7">0</subfield>
    <subfield code="9">65908</subfield>
    <subfield code="d">2018-12-17</subfield>
    <subfield code="p">47821 (28&#x10DA;.40&#x10D7;.)</subfield>
    <subfield code="r">2018-12-17</subfield>
    <subfield code="w">2018-12-17</subfield>
    <subfield code="y">BK</subfield>
    <subfield code="z">28&#x10DA;.40&#x10D7;.</subfield>
  </datafield>
  <datafield tag="952" ind1=" " ind2=" ">
    <subfield code="0">0</subfield>
    <subfield code="1">0</subfield>
    <subfield code="4">0</subfield>
    <subfield code="7">0</subfield>
    <subfield code="9">65909</subfield>
    <subfield code="d">2018-12-17</subfield>
    <subfield code="p">47822 (28&#x10DA;.40&#x10D7;.)</subfield>
    <subfield code="r">2018-12-17</subfield>
    <subfield code="w">2018-12-17</subfield>
    <subfield code="y">BK</subfield>
    <subfield code="z">28&#x10DA;.40&#x10D7;.</subfield>
  </datafield>
</record>
